Estadísticas para Maiores cidades da Espanha

Haz click aquí para tomar la prueba!

Estadísticas generales

  • Esta prueba ha sido tomada 19 veces
  • La puntuación promedio es 13 de 20

Respuestas en el mapa

Las respuestas están codificadas por una escala verde-roja en el mapa de la prueba según el % correcto abajo.
Cargando...
 

Estadísticas de respuestas

PopulaçãoCidade% Correcto
1,636,762Barcelona
100%
3,266,126Madrid
100%
794,288Valencia
94%
346,843Bilbao
88%
574,654Málaga
88%
325,701Córdoba
82%
674,997Zaragoza
76%
334,887Alicante
71%
453,258Murcia
71%
688,592Sevilha
71%
298,412Valladolid
71%
232,462Granada
65%
245,711A Coruña
59%
271,780Gijón
53%
379,925Las Palmas
47%
295,364Vigo
47%
264,923L'Hospitalet de Llobregat
41%
232,517Elche
24%
251,774Vitoria-Gasteiz
24%
416,065Palma de Maiorca
6%

Distribución de puntuación

Porcentaje por número respondido

Porcentaje de gente con cada puntuación

Historial de tus puntuaciones

No has tomado esta prueba